[Event "Kiryat Ono op 6th"]
[Site "Kiryat Ono"]
[Date "2015.07.09"]
[Round "5"]
[White "Drori, Saar"]
[Black "Yerushalmi, Eran"]
[Result "1/2-1/2"]
[WhiteElo "2203"]
[BlackElo "2001"]
[PlyCount "59"]
[EventDate "2015.07.05"]
[EventType "swiss"]
[EventRounds "5"]
[EventCountry "ISR"]
[SourceTitle "CBM 167 Extra"]
[Source "ChessBase"]
[SourceDate "2015.09.14"]
[SourceVersion "1"]
[SourceVersionDate "2015.09.14"]
[SourceQuality "1"]

1. e4 e6 2. d4 d5 3. Nc3 Bb4 4. exd5 exd5 5. Bd3 c6 6. Nge2 Ne7 7. 0-0 Bf5 8. Bf4 0-0 9. Bxf5 Nxf5 10. Qd3 Qd7 11. Ng3 Ne7 12. Rfe1 Na6 13. a3 Bxc3 14. Qxc3 Ng6 15. Bd2 Nc7 16. Re2 Rfe8 17. Rae1 Ne6 18. Nh5 Nc7 19. h3 Rxe2 20. Rxe2 Re8 21. Rxe8+ Nxe8 22. Qg3 Qd6 23. Qg4 Qe6 24. Qxe6 fxe6 25. Nf4 Kf7 26. Nxg6 Kxg6 27. Bf4 Nf6 28. g4 Nd7 29. Bd6 Kf6 30. f4 1/2-1/2

[Event "Kiryat Ono op 6th"]
[Site "Kiryat Ono"]
[Date "2015.07.08"]
[Round "4"]
[White "Helving, Yuval"]
[Black "Yerushalmi, Eran"]
[Result "0-1"]
[WhiteElo "2098"]
[BlackElo "2001"]
[PlyCount "138"]
[EventDate "2015.07.05"]
[EventType "swiss"]
[EventRounds "5"]
[EventCountry "ISR"]
[SourceTitle "CBM 167 Extra"]
[Source "ChessBase"]
[SourceDate "2015.09.14"]
[SourceVersion "1"]
[SourceVersionDate "2015.09.14"]
[SourceQuality "1"]

1. e4 e5 2. Nf3 Nc6 3. Bb5 a6 4. Ba4 Nf6 5. 0-0 Be7 6. Re1 b5 7. Bb3 d6 8. c3 0-0 9. h3 Nb8 10. d4 Nbd7 11. Nbd2 Bb7 12. a4 c5 13. d5 c4 14. Bc2 Re8 15. Nf1 Bf8 16. Ng3 g6 17. Be3 Nc5 18. Bxc5 dxc5 19. Qe2 Qc7 20. Ra2 Reb8 21. Rea1 Ne8 22. h4 Bg7 23. h5 Nd6 24. hxg6 hxg6 25. Nd2 Rf8 26. f3 Bh6 27. Ngf1 Qe7 28. axb5 axb5 29. Qf2 Rxa2 30. Rxa2 Qc7 31. Ne3 Bc8 32. Ndf1 Bf4 33. g3 Bh6 34. Ng4 Bxg4 35. fxg4 Kg7 36. Ra6 Rb8 37. Rc6 Qd7 38. Nh2 Rd8 39. Qxc5 Qe7 40. Kg2 Bc1 41. Qa3 Qg5 42. Nf3 Qe3 43. Qc5 Qxc5 44. Rxc5 Bxb2 45. Nxe5 Bxc3 46. Nf3 Re8 47. g5 b4 48. Rc6 Nxe4 49. Rxc4 Nd6 50. Rc6 Re2+ 51. Kh3 Rxc2 52. Rxd6 b3 53. Rb6 b2 54. d6 Rc1 55. Nd2 Rd1 56. Ne4 b1Q 57. Rxb1 Rxb1 58. Nxc3 Rb8 59. Ne4 Rb4 60. Nf6 Rd4 61. d7 Kf8 62. Kg2 Ke7 63. Kf3 Rd3+ 64. Kf4 Ra3 65. g4 Ra5 66. Ne4 Kxd7 67. Nf6+ Ke6 68. Ke4 Rxg5 69. Nh7 Rxg4+ 0-1

[Event "Kiryat Ono op-A 4th"]
[Site "Kiryat Ono"]
[Date "2013.07.01"]
[Round "2"]
[White "Kedem, Moshe"]
[Black "Yerushalmi, Eran"]
[Result "1-0"]
[WhiteElo "2149"]
[BlackElo "1803"]
[PlyCount "79"]
[EventDate "2013.06.30"]
[EventType "swiss"]
[EventRounds "5"]
[EventCountry "ISR"]
[SourceTitle "CBM 155 Extra"]
[Source "ChessBase"]
[SourceDate "2013.08.26"]
[SourceVersion "1"]
[SourceVersionDate "2013.08.26"]
[SourceQuality "1"]

1. e4 e6 2. d4 d5 3. e5 c5 4. Qg4 Nc6 5. Nf3 Qa5+ 6. Kd1 Nxd4 7. Nxd4 cxd4 8. Bd3 Bd7 9. a4 0-0-0 10. Nd2 f6 11. Nf3 Ne7 12. Re1 Nc6 13. Qg3 Qc7 14. Bf4 g5 15. Bd2 h6 16. h4 fxe5 17. Nxe5 Nxe5 18. Qxe5 Qxe5 19. Rxe5 Bd6 20. Re1 e5 21. hxg5 e4 22. Bf1 hxg5 23. c3 Be5 24. Bb5 Bg4+ 25. f3 exf3 26. Rxe5 fxg2+ 27. Kc2 Rh1 28. Ree1 Rdh8 29. Rg1 Bf3 30. cxd4 Be4+ 31. Bd3 Rf8 32. Bxe4 Rf1 33. Rxg2 Rxa1 34. Bd3 Rxa4 35. Bc3 Ra6 36. Rxg5 Rh2+ 37. Kb3 Rh8 38. Re5 Kd7 39. Be4 Rc8 40. Bf5+ 1-0